000 00722nam a2200229Ia 4500
001 10683
003 GE_BSU
008 181216s||||||||xx |||||||||||||| ||und||
040 _cGE_BSU
080 _a821.353.1-1
100 _aფორჩხიძე,შალვა
245 _aჩალისფერი კერპები.
245 _bლექსები
245 _cრედ.ც.ქაროსანიძე;მხატვ.გ.წერეთელი.
260 _aთბილისი.
260 _bმერანი.
260 _c1975.
300 _a350გვ;21სმ.
300 _e1ფ.პორტრ.
653 _aჩალისფერი კერპები.
942 _cBK
999 _c43934
_d43934